[Event "Rheinhausen op 6th"]
[Site "Rheinhausen"]
[Date "2002.02.01"]
[Round "3"]
[White "Mrowetz, Josef"]
[Black "Grunwald, Guenther"]
[Result "0-1"]
[WhiteElo "1303"]
[BlackElo "1562"]
[PlyCount "38"]
[EventDate "2002.03.??"]
[EventType "swiss"]
[EventRounds "5"]
[EventCountry "GER"]
[SourceTitle "EXT 2008"]
[Source "ChessBase"]
[SourceDate "2007.11.25"]
[SourceVersion "1"]
[SourceVersionDate "2007.11.25"]
[SourceQuality "1"]

1. Nh3 d5 2. g3 e5 3. f4 Bxh3 4. Bxh3 exf4 5. 0-0 fxg3 6. hxg3 Bd6 7. Rf3 Nf6 8. Kg2 0-0 9. d4 Ne4 10. Qd3 Nd7 11. Nd2 Ndf6 12. Nf1 c6 13. c3 Qc7 14. Bf5 Rfe8 15. e3 Nh5 16. Bxh7+ Kxh7 17. g4 Nhg3 18. Nxg3 Bxg3 19. Rxg3 Qxg3+ 0-1

[Event "Bochum-ch"]
[Site "Bochum"]
[Date "2001.12.17"]
[Round "9"]
[White "Mrowetz, Josef"]
[Black "Sieberg, Rolf"]
[Result "0-1"]
[WhiteElo "1276"]
[BlackElo "1681"]
[PlyCount "80"]
[EventDate "2001.10.22"]
[EventType "swiss"]
[EventRounds "9"]
[EventCountry "GER"]
[SourceTitle "EXT 2006"]
[Source "ChessBase"]
[SourceDate "2005.11.24"]
[SourceVersion "1"]
[SourceVersionDate "2005.11.24"]
[SourceQuality "1"]

1. Nh3 Nf6 2. g3 d5 3. f4 g6 4. Bg2 Bg7 5. 0-0 Bf5 6. Nf2 0-0 7. d4 Qd7 8. h3 Ne4 9. Kh2 Nc6 10. c3 Qd6 11. Nd2 Nxf2 12. Rxf2 Bd7 13. e4 dxe4 14. Nxe4 Qe6 15. Bd2 Nb8 16. Nc5 Qb6 17. Bxb7 Bc6 18. Bxa8 Bxa8 19. b4 Rd8 20. Qg4 Nc6 21. Re1 e6 22. Rfe2 Ne7 23. Qh4 Qd6 24. f5 Nxf5 25. Qg4 Qd5 26. a4 Re8 27. Bf4 Bxd4 28. Rd2 Qc6 29. cxd4 Nxd4 30. Rf1 e5 31. Be3 f5 32. Qd1 Nf3+ 33. Rxf3 Qxf3 34. Qxf3 Bxf3 35. Rd7 Rc8 36. Re7 e4 37. Re6 c6 38. Re5 Rd8 39. Re6 Rd1 40. Rxc6 Rh1# 0-1